| 000 | 00852cam a2200217 4500 | ||
|---|---|---|---|
| 001 | WB3723-26 | ||
| 008 | 000000n2001 000 0 eng u | ||
| 035 | _a(Sirsi) u113101 | ||
| 245 | _aGlobal standards on independence vital for trust | ||
| 260 | _c2001 | ||
| 490 |
_aTimes _v 14 June 2001, 24(1) |
||
| 520 | _aStudies the need for an international set of standards on the independence of accountants on assurance engagements to be enforced consistently worldwide and to be a foundation for public trust. A draft standard from Ifac's ethics committee is viewable at http://www.ifac.org. | ||
| 590 | _aWB | ||
| 650 | _aACCOUNTANCY | ||
| 650 | _aACCOUNTANTS | ||
| 650 | _aINTERNATIONAL STANDARDS | ||
| 650 | _aINDEPENDENCE | ||
| 650 | _aPROFESSIONAL ETHICS | ||
| 690 | _aMANAGEMENT-BUSINESS MANAGEMENT-PROFESSIONAL PRACTICE | ||
| 942 | _n0 | ||
| 999 |
_c67331 _d67331 |
||